| 000 | 00397nam a22001457a 4500 | ||
|---|---|---|---|
| 008 | 230412b |||||||| |||| 00| 0 eng d | ||
| 020 | _a100415283472. | ||
| 050 | _aB1297.69 2005. | ||
| 100 |
_aLowe, J.E _952317 |
||
| 245 |
_aLocke, _cE.J. Lowe. |
||
| 260 |
_aNew York: _bRoutledge, _c2005. |
||
| 300 |
_avi; _b220p, _c22cm. |
||
| 650 |
_aLocke, John; _y1632-1704. _917357 |
||
| 942 |
_2lcc _cMONOGRAPH |
||
| 999 |
_c131738 _d131738 |
||